00601nam a2200181 a 45000010005000000030010000050050017000150080041000320200018000730400025000910800027001162450112001432600030002553000027002856500023003126500041003357100043003761153BR-CuiBMT20231129233805.0231129s2013 dfba 000 0 por d a9788582960042 aBR-CuiBMTcBR-CuiBMT a340.12-051x(09122007 aMinistro Milton Luiz Pereira :bnarrativas de uma trajetória exemplar /cCentro de estudos judiciários. aBrasília :bCJF,c2013. a296 p. :bil. ;c22 cm aJuristavBiografia aPereira, Milton Luiz, 1932-Biografia aBrasil.bConselho da Justiça Federal